00532nam a2200169Ia 4500008004100000020001500041041000800056082001600064100001500080245005000095250000600145260004500151300001300196650000900209999001900218952012500237210716s2003 xx 000 0 und d a0195668847 aeng a651.75 ASHA aAshley, A. aOxford handbook of commercial correspondence. a1 aNew DelhibOxford University Pressc2003 a304/2009 aNone c204770d204770 001040708MBAaAIMITbAIMITd2010-02-02g195.00l0o651.75 ASHApMBA07336r2026-05-23 00:00:00v146.25w2021-07-16yBK